LEADER 01238nam a2200289 a 4500 001 000000122142 003 CaOOAMICUS 005 20100608091619.0 008 100608t2010 it r l000 u ita r 020 $a978-88-10-54137-1 040 $aPUL$bita$dReb 082 04$a255.3 245 00$aSantità francescana oggi :$bsignificato, figure, formazione /$ca cura di Paolo Martinelli. 260 $aBologna :$bEDB,$c©2010. 300 $a224 p. ;$c21 cm 490 1 $aTeologia spirituale ;$v16 504 $aInclude riferimenti bibliografici ed indice. 650 4$aFrancescanesimo.$0(OLS)http://pul/subject/1951 700 1 $aMartinelli, Paolo,$cvescovo,$d1958-$0(OLS)http://pul/name/39754 830 0$aTeologia spirituale ;$v16.$0(OLS)http://pul/title/55747 850 $aPUL 852 $aPUL$W1$xSL Religione 3$y85$m255. 3 MARPA 1$j140175$qDDC 21$B139359$CPULBib$Z2$F139359 $H114042 $82 941 1 $a9 996 $6020$a978-88-10-54137-1$9(OLS)http://pul/number/144485 996 $6082$a255.3$9(OLS)http://pul/classification/585 996 $6245$aSantità francescana oggi :$bsignificato, figure, formazione$9(OLS)http://pul/title/153693 996 $6260$aBologna :$bEDB$9(OLS)http://pul/publisher/56073 LEADER 01266nam a2200313 a 4500 001 000000151188 003 CaOOAMICUS 005 20160411111641.0 008 160411s2016 it 000 u ita r 020 $a978-88-7105-364-6* 032 $aLibriCat 040 $aPUL$bita 082 04$a142.7 245 00$aJacob Taubes :$bla fenomenologia dialettica /$cSergio Ubbiali (ed.) 260 $aMilano :$bGlossa,$c©2016. 300 $aXVII, 232 p. ;$c21 cm. 490 1 $aQuodlibet ;$v31 504 $aContiene riferimenti bibliografici. 600 14$aTaubes, Jacob,$d1923-1987$tFenomenologia.$0(OLS)http://pul/subject/43281 700 1 $aUbbiali, Sergio,$csacerdote,$d1949-$0(OLS)http://pul/name/37869 830 0$aQuodlibet (Glossa) ;$v31.$0(OLS)http://pul/title/57327 850 $aPUL 852 $aPUL$W1$xSL Filosofia 3$y81$m142. 7 UBBSE 1$j173640$qDDC 21$B175988$CPULBib$Z2$F175988 $H127575 $81 941 1 $a9 996 $6020$a978-88-7105-364-6*$9(OLS)http://pul/number/160234 996 $6082$a142.7$9(OLS)http://pul/classification/1839 996 $6245$aJacob Taubes :$bla fenomenologia dialettica$9(OLS)http://pul/title/190397 996 $6260$aMilano :$bGlossa$9(OLS)http://pul/publisher/53656